| 000 | 00398nam a2200157 a 4500 | ||
|---|---|---|---|
| 001 | 2989 | ||
| 003 | CDMR | ||
| 005 | 20130905115949.0 | ||
| 008 | 130130s1996||||||||||||||||||||||||||||d | ||
| 040 |
_aCDMR _bcat _cCPC GIRONA |
||
| 100 | 1 |
_aPedrolo, Manuel de _92063 |
|
| 245 | 1 | 0 |
_aObra poètica completa (I i II) _cde Pedrolo, Manuel |
| 260 |
_c1996 _bPagès editors |
||
| 300 | _a2v. | ||
| 942 |
_cMON _2udc |
||
| 999 |
_c2989 _d2989 |
||